Govt. of
Madhya Pradesh

Modern Indian Mysticism (Record no. 42910)

MARC details
000 -LEADER
fixed length control field 004930000a22001810004500
003 - CONTROL NUMBER IDENTIFIER
control field MACL
005 - DATE AND TIME OF LATEST TRANSACTION
control field 20150716125202.0
008 - FIXED-LENGTH DATA ELEMENTS--GENERAL INFORMATION
fixed length control field 150716b xxu||||| |||| 00| 0 eng d
040 ## - CATALOGING SOURCE
Original cataloging agency MACL
Transcribing agency MACL
041 ## - LANGUAGE CODE
Language code of text/sound track or separate title English
082 ## - DEWEY DECIMAL CLASSIFICATION NUMBER
Classification number 291.422/GUP
100 ## - MAIN ENTRY--PERSONAL NAME
Personal name Gupta, M G
9 (RLIN) 1656
245 ## - TITLE STATEMENT
Title Modern Indian Mysticism
Remainder of title Commentary on Western Response to Radhasoami Faith
260 ## - PUBLICATION, DISTRIBUTION, ETC. (IMPRINT)
Name of publisher, distributor, etc. MG Publishers
Date of publication, distribution, etc. 1994
Place of publication, distribution, etc. New Delhi
350 ## - PRICE (NR) (BK AM CF MU VM SE) [OBSOLETE]
Price 500
650 ## - SUBJECT ADDED ENTRY--TOPICAL TERM
Topical term or geographic name as entry element Religion
9 (RLIN) 2281
942 ## - ADDED ENTRY ELEMENTS (KOHA)
Koha item type Books
Call number prefix 291.422/GUP
Source of classification or shelving scheme
Holdings
Withdrawn status Lost status Source of classification or shelving scheme Damaged status Not for loan Home library Current library Date acquired Cost, normal purchase price Total Checkouts Full call number Barcode Date last seen Uniform Resource Identifier Price effective from Koha item type
          MACL MACL 15/04/2015 250.00   291.422/GUP CRE024726 02/05/2024 43189 15/04/2015 Books